<?xml version="1.0" encoding="UTF-8"?>
<record
    xmlns:xsi="http://www.w3.org/2001/XMLSchema-instance"
    xsi:schemaLocation="http://www.loc.gov/MARC21/slim http://www.loc.gov/standards/marcxml/schema/MARC21slim.xsd"
    xmlns="http://www.loc.gov/MARC21/slim">

  <leader>00805nam a22001697a 4500</leader>
  <controlfield tag="003">SGT</controlfield>
  <datafield tag="020" ind1=" " ind2=" ">
    <subfield code="a">9788125050858</subfield>
  </datafield>
  <datafield tag="082" ind1=" " ind2=" ">
    <subfield code="a">421,BAN</subfield>
  </datafield>
  <datafield tag="100" ind1=" " ind2=" ">
    <subfield code="a">BANSAL,R.K</subfield>
  </datafield>
  <datafield tag="245" ind1=" " ind2=" ">
    <subfield code="a">SPOKEN ENGLISH: MANUAL OF SPEECH AND PHONETICS</subfield>
  </datafield>
  <datafield tag="250" ind1=" " ind2=" ">
    <subfield code="a">4TH</subfield>
  </datafield>
  <datafield tag="260" ind1=" " ind2=" ">
    <subfield code="a">NEW DELHI</subfield>
    <subfield code="b">ORIENT BLACKSWAN PRIVATE LTD.</subfield>
    <subfield code="c">2013</subfield>
  </datafield>
  <datafield tag="300" ind1=" " ind2=" ">
    <subfield code="a">220</subfield>
  </datafield>
  <datafield tag="650" ind1=" " ind2=" ">
    <subfield code="a">ENGLISH WRITING SYSTEM &amp; PHONOLOGY</subfield>
  </datafield>
  <datafield tag="653" ind1=" " ind2=" ">
    <subfield code="a">PART I - PHONETICS AND SPOKEN ENGLISH 1.	INTRODUCTION 2.	THE SPEECH MECHANISM 3.	THE DESCRIPTION OF SPEECH SOUNDS 4.	THE PHONEME; THE SYLLABLE; 5.	THE SOUNDS OF ENGLISH - VOWELS 6.	THE SOUNDS OF ENGLISH - CONSONANTS 7.	WORD ACCENT 8.	FEATURES OF CONNECTED SPEECH 9.	SUGGESTIONS FOR THE IMPROVEMENT PART II - EXERCISES FOR PRACTICE 1.	VOWELS 2.	CONSONANTS 3.	CONSONANT CLUSTERS 4.	CONVERSATIONS</subfield>
  </datafield>
  <datafield tag="942" ind1=" " ind2=" ">
    <subfield code="2">ddc</subfield>
    <subfield code="c">FCM</subfield>
    <subfield code="0">2</subfield>
  </datafield>
  <datafield tag="952" ind1=" " ind2=" ">
    <subfield code="0">0</subfield>
    <subfield code="1">0</subfield>
    <subfield code="2">ddc</subfield>
    <subfield code="4">0</subfield>
    <subfield code="7">0</subfield>
    <subfield code="8">CM</subfield>
    <subfield code="a">SSSL</subfield>
    <subfield code="b">SSSL</subfield>
    <subfield code="c">DISPLAY</subfield>
    <subfield code="d">2016-06-14</subfield>
    <subfield code="e">UBSPD</subfield>
    <subfield code="g">195.00</subfield>
    <subfield code="i">SGTU</subfield>
    <subfield code="l">4</subfield>
    <subfield code="o">421,BAN</subfield>
    <subfield code="p">CM353</subfield>
    <subfield code="r">2019-01-17 00:00:00</subfield>
    <subfield code="s">2019-01-02</subfield>
    <subfield code="w">2014-10-21</subfield>
    <subfield code="y">FCM</subfield>
    <subfield code="k">362357</subfield>
  </datafield>
  <datafield tag="952" ind1=" " ind2=" ">
    <subfield code="0">0</subfield>
    <subfield code="1">0</subfield>
    <subfield code="2">ddc</subfield>
    <subfield code="4">0</subfield>
    <subfield code="7">0</subfield>
    <subfield code="8">CM</subfield>
    <subfield code="a">SSSL</subfield>
    <subfield code="b">SSSL</subfield>
    <subfield code="c">DISPLAY</subfield>
    <subfield code="d">2016-06-14</subfield>
    <subfield code="e">UBSPD</subfield>
    <subfield code="g">195.00</subfield>
    <subfield code="i">SGTU</subfield>
    <subfield code="l">0</subfield>
    <subfield code="o">421,BAN</subfield>
    <subfield code="p">CM354</subfield>
    <subfield code="r">2016-06-14 00:00:00</subfield>
    <subfield code="w">2014-10-21</subfield>
    <subfield code="y">FCM</subfield>
    <subfield code="k">362357</subfield>
  </datafield>
  <datafield tag="952" ind1=" " ind2=" ">
    <subfield code="0">0</subfield>
    <subfield code="1">0</subfield>
    <subfield code="2">ddc</subfield>
    <subfield code="4">0</subfield>
    <subfield code="7">0</subfield>
    <subfield code="8">MC</subfield>
    <subfield code="a">SSSL</subfield>
    <subfield code="b">SSSL</subfield>
    <subfield code="c">DISPLAY</subfield>
    <subfield code="d">2017-08-03</subfield>
    <subfield code="e">AHUJA BOOKS PUBLISHER</subfield>
    <subfield code="g">225.00</subfield>
    <subfield code="i">SGTU</subfield>
    <subfield code="l">1</subfield>
    <subfield code="o">820, S15B</subfield>
    <subfield code="p">MC37</subfield>
    <subfield code="r">2018-07-27 00:00:00</subfield>
    <subfield code="s">2018-07-17</subfield>
    <subfield code="w">2016-03-16</subfield>
    <subfield code="y">BK</subfield>
    <subfield code="k">6739</subfield>
  </datafield>
  <datafield tag="952" ind1=" " ind2=" ">
    <subfield code="0">0</subfield>
    <subfield code="1">0</subfield>
    <subfield code="2">ddc</subfield>
    <subfield code="4">0</subfield>
    <subfield code="7">0</subfield>
    <subfield code="8">MC</subfield>
    <subfield code="a">SSSL</subfield>
    <subfield code="b">SSSL</subfield>
    <subfield code="c">DISPLAY</subfield>
    <subfield code="d">2017-08-03</subfield>
    <subfield code="e">AHUJA BOOKS PUBLISHER</subfield>
    <subfield code="g">225.00</subfield>
    <subfield code="i">SGTU</subfield>
    <subfield code="l">2</subfield>
    <subfield code="o">820, S15B</subfield>
    <subfield code="p">MC38</subfield>
    <subfield code="r">2025-09-18 00:00:00</subfield>
    <subfield code="s">2025-09-12</subfield>
    <subfield code="w">2016-03-16</subfield>
    <subfield code="y">BK</subfield>
    <subfield code="k">6739</subfield>
  </datafield>
  <datafield tag="952" ind1=" " ind2=" ">
    <subfield code="0">0</subfield>
    <subfield code="1">0</subfield>
    <subfield code="2">ddc</subfield>
    <subfield code="4">0</subfield>
    <subfield code="7">0</subfield>
    <subfield code="8">MC</subfield>
    <subfield code="a">SSSL</subfield>
    <subfield code="b">SSSL</subfield>
    <subfield code="c">DISPLAY</subfield>
    <subfield code="d">2017-08-03</subfield>
    <subfield code="e">AHUJA BOOKS PUBLISHER</subfield>
    <subfield code="g">225.00</subfield>
    <subfield code="i">SGTU</subfield>
    <subfield code="l">2</subfield>
    <subfield code="o">820, S15B</subfield>
    <subfield code="p">MC39</subfield>
    <subfield code="r">2018-08-07 00:00:00</subfield>
    <subfield code="s">2018-07-26</subfield>
    <subfield code="w">2016-03-16</subfield>
    <subfield code="y">BK</subfield>
    <subfield code="k">6739</subfield>
  </datafield>
  <datafield tag="952" ind1=" " ind2=" ">
    <subfield code="0">0</subfield>
    <subfield code="1">0</subfield>
    <subfield code="2">ddc</subfield>
    <subfield code="4">0</subfield>
    <subfield code="7">0</subfield>
    <subfield code="8">MC</subfield>
    <subfield code="a">SSSL</subfield>
    <subfield code="b">SSSL</subfield>
    <subfield code="c">DISPLAY</subfield>
    <subfield code="d">2017-08-03</subfield>
    <subfield code="e">AHUJA BOOKS PUBLISHER</subfield>
    <subfield code="g">225.00</subfield>
    <subfield code="i">SGTU</subfield>
    <subfield code="l">3</subfield>
    <subfield code="o">820, S15B</subfield>
    <subfield code="p">MC40</subfield>
    <subfield code="r">2024-02-19 00:00:00</subfield>
    <subfield code="s">2024-02-07</subfield>
    <subfield code="w">2016-03-16</subfield>
    <subfield code="y">BK</subfield>
    <subfield code="k">6739</subfield>
  </datafield>
  <datafield tag="952" ind1=" " ind2=" ">
    <subfield code="0">0</subfield>
    <subfield code="1">0</subfield>
    <subfield code="2">ddc</subfield>
    <subfield code="4">0</subfield>
    <subfield code="7">0</subfield>
    <subfield code="8">MC</subfield>
    <subfield code="a">SSSL</subfield>
    <subfield code="b">SSSL</subfield>
    <subfield code="c">DISPLAY</subfield>
    <subfield code="d">2017-08-03</subfield>
    <subfield code="e">AHUJA BOOKS PUBLISHER</subfield>
    <subfield code="g">225.00</subfield>
    <subfield code="i">SGTU</subfield>
    <subfield code="l">0</subfield>
    <subfield code="o">820, S15B</subfield>
    <subfield code="p">MC41</subfield>
    <subfield code="r">2017-08-03 00:00:00</subfield>
    <subfield code="w">2016-03-16</subfield>
    <subfield code="y">BK</subfield>
    <subfield code="k">6739</subfield>
  </datafield>
  <datafield tag="999" ind1=" " ind2=" ">
    <subfield code="c">8989</subfield>
    <subfield code="d">8989</subfield>
  </datafield>
</record>
